000 01167nam1a2200385 i 4500
001 RU\NLR\bibl\1071778
005 20260407065025.0
035 _a(NLR Aleph) 001059006
090 _a926572
_c926572
100 _a20070411d20079999u y0rusy50 ca
101 1 _arus
_ceng
102 _aRU
105 _a||||z |||||
200 1 _aКрайон
_dKryon
_e[сборник
_fКэрролл Ли
_zeng
_gпер. с англ. Д. Гапеева]
210 _aМосква
_cСофия
_d2007
215 _d20
463 0 _10011067922
463 0 _10011154569
463 0 _10011135994
463 0 _10011232202
463 0 _10011240035
463 0 _10011246565
463 0 _10011324559
463 0 _10011519858
510 0 _aKryon
_zeng
606 _aЧеннелинг
_92524665
_3RU\NLR\auth\661495781
686 _aЭ391.93
700 0 _4070
_8rus
_7ca
_aКрайон
_cдух
_3RU\NLR\AUTH\7715938
_9125585
702 1 _4570
_8rus
_7ca
_aКэрролл
_bЛ.
_gЛи
_3RU\NLR\auth\7715939
_9125586
801 0 _aRU
_bNLR
_c20070411
_gRCR
801 1 _aRU
_bNLR
_c20070411
852 _aNLR
_j2007-3/10186
942 _cBOOK